000 00661nam a2200241 i 4500
001 C2-0118397
003 PPAK
005 20180727111216.0
008 970802s1992 nyu |||| ||||| | eng d
020 _a068812125X
040 _aPPAK
_beng
_cPPAK
_erda
082 0 4 _a796.352
_223
090 0 0 _a796.352
_bBLA
_dG
100 1 _aBlanchard, Kenneth M,
_eauthor
245 1 0 _aPlaying the great game of golf:
_bmaking every minute count
264 1 _aNew York :
_bWilliam Morrow ,
_c1992
300 _a169 pages ;
_c24 cm
336 _2rdacontent
_atext
337 _2rdamedia
_aunmediated
338 _2rdacarrier
_avolume
650 1 0 _aGolf
942 _ddc
_cB
999 _c32229
_d32229